| Tag |
First Indicator |
Second Indicator |
Subfields |
| LEADER |
00000cam a2200000Ia 4500 |
| 001 |
in00001805310 |
| 005 |
20151026050820.0 |
| 008 |
860818s1986 ru b 000 0 rus d |
| 035 |
|
|
|a (OCoLC)ocm23774790
|
| 040 |
|
|
|a HLS
|c HLS
|d OCL
|d MIA
|d TXA
|d UtOrBLW
|
| 049 |
|
|
|a TXAM
|
| 090 |
|
|
|a PQ2178
|b .B282 1986
|
| 245 |
0 |
0 |
|a Balʹzak v vospominanii︠a︡kh sovremennikov /
|c [sost., vstup. statiʹi︠a︡ I.A. Lileevoĭ].
|
| 264 |
|
1 |
|a Moskva :
|b Khudozhestvennai︠a︡ literatura,
|c 1986.
|
| 300 |
|
|
|a 558 pages ;
|c 21 cm.
|
| 336 |
|
|
|a text
|b txt
|2 rdacontent
|
| 337 |
|
|
|a unmediated
|b n
|2 rdamedia
|
| 338 |
|
|
|a volume
|b nc
|2 rdacarrier
|
| 490 |
1 |
|
|a Serii︠a︡ literaturnykh memuarov
|
| 504 |
|
|
|a Includes bibliographical references.
|
| 600 |
1 |
0 |
|a Balzac, Honoré de,
|d 1799-1850
|x Friends and associates.
|
| 600 |
1 |
0 |
|a Balzac, Honoré de,
|d 1799-1850.
|
| 700 |
1 |
|
|a Lileeva, I. A.
|q (Irina Aleksandrovna)
|
| 830 |
|
0 |
|a Serii︠a︡ literaturnykh memuarov.
|
| 948 |
|
|
|a cataloged
|b h
|c 2004/2/16
|d c
|e tchubaryan
|f 12:10:01 pm
|
| 994 |
|
|
|a E0
|b TXA
|
| 999 |
|
|
|a MARS
|
| 999 |
f |
f |
|s fbfea6ef-0c96-3a58-861c-9b1a96f6f2ae
|i 2f9c4173-b433-3b3d-bb0d-eb0fd757d6ea
|t 0
|
| 952 |
f |
f |
|p ric
|a Texas A&M University
|b Rellis Campus
|c Joint Library Facility
|d Remote Storage
|t 0
|e PQ2178 .B282 1986
|h Library of Congress classification
|i unmediated -- volume
|m A14831230326
|
| 998 |
f |
f |
|a PQ2178 .B282 1986
|t 0
|l Remote Storage
|